书目信息 |
| 题名: |
中国社会科学家大辞典
|
|
| 作者: | 张岱年 | |
| 分册: | ||
| 出版信息: | 沈阳 辽宁大学出版社 1995 |
|
| 页数: | 1160 | |
| 开本: | 26cm | |
| 丛书名: | ||
| 单 册: | ||
| 中图分类: | C6 | |
| 科图分类: | ||
| 主题词: | 社会科学--工具书 | |
| 电子资源: | ||
| ISBN: | 7-5610-2602-1 | |
| 000 | 00521nam0 2200181 450 | |
| 001 | 0735257515 | |
| 005 | 20070904094737.51 | |
| 010 | @a7-5610-2602-1@d325 | |
| 100 | @a20070904d km y0chiy0120 ea | |
| 101 | 0 | @achi |
| 200 | 1 | @a中国社会科学家大辞典@Azhong guo she hui ke xue jia da ci dian@f张岱年@Fzhang dai nian |
| 210 | @a沈阳@c辽宁大学出版社@d1995 | |
| 215 | @a1160@d26cm | |
| 606 | 0 | @a社会科学@x工具书 |
| 690 | @aC6@v3 | |
| 701 | 0 | @a张岱年@Azhang dai nian |
| 801 | 0 | @aCN@bPFT@c20070904 |
| 905 | @a213230@dC6@ea1@f1 | |
| 中国社会科学家大辞典/张岱年.-沈阳:辽宁大学出版社,1995 |
| 1160;26cm |
| ISBN 7-5610-2602-1:325 |
| ● |
| 相关链接 |
|
|
|
|
正题名:中国社会科学家大辞典
索取号:C6/a1
 
预约/预借
| 序号 | 登录号 | 条形码 | 馆藏地/架位号 | 状态 | 备注 |
| 1 | 7500996 | 275009964 | 密集书库-史法系/ [索取号:C6/a1] | 在馆 |